000 00533 a2200169 4500
999 _c10605
_d10605
020 _a9780199218998
050 0 0 _aKD 313 PEN 2008
100 1 _aPenner, J.E
_eauthor
245 1 2 _aA law student's dictionary /
_cJ.E. Penner
250 _a13 edition
264 _aNew York:
_bOxford University Press,
_c2008
300 _a318 pages :
_bcol: ill. ;
500 _aIncludes bibliographical references and index
504 _aIncludes bibliographical references and index
650 0 _aLaw--
_xDictionary
942 _2lcc
_cBK
_h313
_iPEN
_kKD